Female Blondes on TV Quiz Stats

 Plays Quiz Updated Mar 29, 2018

Score 0/25 Timer 07:00
1 Play Today
% Correct
Friends
95.3%
Game of Thrones
89.1%
The Big Bang Theory
88.5%
Buffy the Vampire Slayer
87.6%
Parks and Recreation
84.5%
M*A*S*H
83%
Sex and the City
77.3%
Married... with Children
72.6%
Charlie's Angels
68.3%
The Office
66%
Mom
64.3%
2 Broke Girls
63.4%
Homeland
62.5%
% Correct
Veronica Mars
56%
The Sopranos
55.6%
Gossip Girl
48.5%
The Closer
36.6%
Glee
35.2%
Arrested Development
35.1%
Veep
30.7%
iZombie
30.2%
Battlestar Galactica
29.5%
Orphan Black
23.1%
Chuck
22.5%
Criminal Minds
17.6%

You're not logged in!

Compare scores with friends on all Sporcle quizzes.
OR
Log In

You Might Also Like...

Show Comments

Extras

Top Quizzes Today


Score Distribution

Your Account Isn't Verified!

In order to create a playlist on Sporcle, you need to verify the email address you used during registration. Go to your Sporcle Settings to finish the process.

Report this User

Report this user for behavior that violates our Community Guidelines.

Details: